Ski Mask The Slump God 2026 All Songs (Spotify) - Statistics

General Stats
  • This quiz has been taken 14 times
    4 since last reset
  • The average score is 60 of 124
Answer Stats
Answer % Correct
Adults Swim
100%
Bowser
100%
BreakTheRules!
100%
Burn The Hoods
100%
Catch Me Outside
100%
Catch Me Outside 2
100%
Cat Piss
100%
COOLEST MONKEY IN THE JUNGLE
100%
DoIHaveTheSause?
100%
Faucet Failure
100%
Foot Fungus
100%
Get Geeked
100%
H2O
100%
Jah's Interlude
100%
JustLikeMyPiss
100%
LA LA
100%
Merlin's Staff
100%
Nuketown
100%
Off the Wall!
100%
Reborn To Rebel
100%
RUN
100%
Save Me Pt 2
100%
Shibuya
100%
So High
100%
Take A Step Back
100%
The Matrix
100%
Unbothered
100%
Wake Up!
100%
Ya!
100%
4Peat
50%
ADMIT IT
50%
Adventure Time
50%
Alien Sex
50%
BabyWipe
50%
Blow
50%
BUKKAKE
50%
By Myself
50%
Carbonated Water
50%
Chemicals
50%
CHILD'S PLAY
50%
DAPPER DAN
50%
Death Is Long
50%
Did You Really
50%
DragonTooth
50%
Dr. Suess
50%
Durgaflowz
50%
Earwax
50%
Empty
50%
Energy
50%
EverTookATab?
50%
Far Gone
50%
Fire Hazard
50%
From Yard
50%
Frozen One
50%
Full Moon
50%
GEEKIN
50%
Giggle
50%
Go!
50%
Gone (Interlude)
50%
Headrush
50%
He Diddy!
50%
I Don't Care
50%
Intro
50%
Invisible Klip
50%
Jump
50%
Killstreak
50%
Let It Breathe
50%
Like A Soccer Mom
50%
Lost In Time
50%
LOST SOULS
50%
Make Eem Run!
50%
Mental Magneto
50%
Monsters Inc.
50%
New Age Chip Skylark
50%
Not Tonite
50%
OOGA BOOGA!
50%
Rambo
50%
Spin
50%
Spits
50%
Static Shock
50%
SUICIDE SEASON
50%
The Human Centipede
50%
THROWAWAY
50%
Tuk-Tuk
50%
U and I
50%
WDYM
50%
What in XXXTarnation
50%
Winnie
50%
WTF!?
50%
Achoo
0%
Apple Sauce
0%
Billy & Mandy
0%
Bird Is The Word
0%
Broly
0%
Chanel
0%
Fatality
0%
Freaky Fred
0%
Hell in a Cell
0%
Him Jung Un
0%
Holy
0%
Hulk
0%
Iceberg
0%
I like Bricks
0%
IWATCHEDHIMDROWN
0%
JFK
0%
Kate Moss
0%
Life Is Short
0%
Mandalorian
0%
Nationwide
0%
Part The Sea
0%
Psycho
0%
Pull Up
0%
Rickybobby!
0%
Shit Talk
0%
Skimeetsworld
0%
SLMD Remix
0%
SNOMED
0%
Unmask
0%
Vetty Vrocker
0%
VR All Stars
0%
Wet
0%
Where's The Blow
0%
Young Voorhees
0%
No matching quizzes found
Score Distribution
Percent of People with Each Score
Percentile by Number Answered
Your Score History
You have not taken this quiz since the last reset